Schnelle Mathematik - Quadratzahlen Level 09 - Statistiken

Allgemein
  • Dieses Quiz wurde 224 mal gespielt
  • Das Durchschnittsergebnis liegt bei 40 aus 100
Antwortstatistiken
Frage Antwort % Korrekt
1
100%
10² 100
100%
11² 121
100%
16
100%
25
100%
36
100%
4
100%
49
100%
64
100%
81
100%
9
100%
12² 144
93%
13² 169
90%
20² 400
90%
15² 225
86%
14² 196
83%
30² 900
83%
40² 1600
79%
16² 256
76%
17² 289
69%
18² 324
69%
100² 10000
66%
60² 3600
66%
19² 361
66%
70² 4900
66%
25² 625
66%
80² 6400
66%
90² 8100
66%
50² 2500
62%
21² 441
62%
22² 484
62%
23² 529
55%
24² 576
52%
26² 676
48%
27² 729
45%
31² 961
45%
32² 1024
41%
28² 784
41%
29² 841
41%
33² 1089
34%
34² 1156
34%
35² 1225
31%
36² 1296
31%
37² 1369
31%
38² 1444
31%
39² 1521
31%
41² 1681
31%
42² 1764
28%
43² 1849
28%
44² 1936
28%
45² 2025
28%
46² 2116
24%
51² 2601
24%
47² 2209
21%
48² 2304
21%
49² 2401
21%
55² 3025
21%
61² 3721
21%
64² 4096
21%
52² 2704
17%
53² 2809
17%
54² 2916
17%
56² 3136
17%
57² 3249
17%
58² 3364
17%
59² 3481
17%
62² 3844
17%
63² 3969
17%
65² 4225
14%
71² 5041
14%
81² 6561
14%
91² 8281
14%
66² 4356
10%
67² 4489
10%
68² 4624
10%
69² 4761
10%
72² 5184
10%
73² 5329
10%
74² 5476
10%
75² 5625
10%
76² 5776
10%
77² 5929
10%
78² 6084
10%
79² 6241
10%
82² 6724
10%
83² 6889
10%
84² 7056
10%
85² 7225
10%
86² 7396
10%
87² 7569
10%
88² 7744
10%
89² 7921
10%
92² 8464
10%
93² 8649
10%
94² 8836
10%
95² 9025
10%
96² 9216
10%
97² 9409
10%
98² 9604
10%
99² 9801
10%
Keine übereinstimmenden Quizze gefunden
Verteilung der Resultate
Anzahl Personen mit jedem Resultat
Perzentil nach korrekt beantworteten Fragen
Ihre Resultats-Entwicklung
Sie haben dieses Quiz noch nicht gespielt